000 00530cam a22002171 4500
001 ne 63000484
003 DLC
005 20260227111742.0
008 881028s1961 xx 000 0bara
010 _ane 63000484
035 _a(OCoLC)23496268
040 _aDLC
_cMiU
_dDLC
042 _apremarc
050 0 0 _aPJ7832.A9
_bS5
100 1 _aYāzijī, Kamāl.
245 1 3 _aal-Shaykh Ibrāhīm al-Ḥūrānī.
260 _c[1961]
300 _a266 p.
_c24 cm.
500 _aRomanized.
600 1 0 _aḤūrānī, Ibrāhīm.
999 _c45656
_d45656